| 000 | 00847nam a2200241Ia 4500 | ||
|---|---|---|---|
| 003 | GCL | ||
| 008 | 140319s9999 xx 000 0 ara d | ||
| 040 |
_aGCL / _cGCL |
||
| 082 | 0 | 4 |
_a013 _bو ب |
| 100 | 1 | _aوليم تاوضروس عبيد | |
| 245 | 1 | 0 |
_aالبحوث الاكاديمية فى تعليم الرياضيات : عرض وتحليل لرسائل الماجستير والدكتورة (1950 - 1990) / _cوليم تاوضروس عبيد |
| 700 | 1 | _aرضا مسعد السعيد | |
| 300 | _a165 | ||
| 490 |
_aكتاب _v0 |
||
| 650 | 0 | 4 | _aمصر |
| 650 | 0 | 4 | _aالرياضيات |
| 650 | 0 | 4 | _aتعليم وتدريس |
| 650 | 0 | 4 | _aالجامعات والكليات |
| 650 | 0 | 4 | _aالرسائل الجامعية |
| 650 | 0 | 4 | _aادلة الدرجات |
| 650 | 0 | 4 | _aادلة الدرجات الجامعية |
| 942 |
_2ddc _cBK |
||
| 999 |
_c41455 _d41455 |
||